1526 1739 1271 1829 1856 1288 1486 1912 1160 1338 1813 1861 1591 1778 1293 1323 1796 1219 1554 1665 1408 1282 1573 1671 1926 1594 1533 1472 1892 1018 1369 1002 1404 1232 1270 1368 1852 1572 1844 1157 1251 1509 1205 1908 1232 1281 1267 1767 1505 1630 1897 1453 1649 1172 1266 1262 1080 1301 1753 1383 1133 1585 1947 1072 1351 1226 1701 1995 1704 1842 1496 1487 1876 1863 1996 1612 1910 1531 1550 1308 1306 1147 1213 1356 1309 1887 1303 1382 1161 1807 1491 1287 1617 1256 1421 1066 1098 1735 1356 BCNSPRNW ULIB Ver.6.0+V

เปลี่ยนเป็นภาษาไทย

Change to English
 แสดงรายละเอียดบรรณานุกรม
  กลับหน้าหลัก

Brief Record : Get Marc (ISO 2709) : E-mail record : QR code < ปิดหน้าต่าง
LEADER : 00000nam 2200000uu 4500
001    13399107815
003     ULIB
008    110204s2551||||th 000 0 tha d
020    9743483479
060  4 WY18.2^bพ953ท
110 1  เพื่อนช่วยจำ
245 00 ทบทวนการพยาบาลผู้ใหญ่ ANR=^bAdult nursing review,^cเพื่อนช่วยจำ
246 0  Adult nursing review
260    กรุงเทพฯ:^bเพื่อนช่วยจำ,^c2551
300    202 หน้า
650  7 การพยาบาลผู้ใหญ่^xข้อสอบ
710 1  เพื่อนช่วยจำ
945    ^p199^l0^i027867
945    ^p199^l0^i027866
945    ^p199^l0^i027864
945    ^p199^l0^i025948
945    ^p199^l0^i025947
945    ^p199^l0^i025946
945    ^p199^l0^i025392
945    ^p199^l0^i025945
945    ^p199^l0^i025390
945    ^p199^l0^i025391
945    ^p199^l0^i025389
945    ^p199^l0^i025388
945    ^p199^l0^i025387
945    ^p199^l0^i025386
945    ^p199^l0^i027865
945    ^p199^l0^i027863
945    ^p199^l0^i032262
945    ^p199^l0^i032263
945    ^p199^l0^i032264
945    ^p199^l0^i032265
945    ^p199^l0^i032266
945    ^p199^l0^i032267
945    ^p199^l0^i032268
945    ^p199^l0^i032269
995    ทศพร
999 ^a ใช้งานได้ทุกระบบ
รายการนี้ยังไม่มีแท็ก
คุณยังไม่ได้ล็อกอิน คุณสามารถมีกิจกรรมร่วมกับเว็บไซต์ได้ แต่ต้องล็อกอินก่อน ::
  ล็อกอิน

รายการสื่อสารสนเทศ

ลำดับที่ ประเภท เลขเรียก/บาร์โค้ด สถานที่ สถานะ
- ไม่พบข้อมูล -

BibComment


ยังไม่เคยถูกคอมเมนท์

คอมเมนท์ทรัพยากรรายการนี้
  คอมเมนท์: ทบทวนการพยาบาลผู้..


 Copyright 2026. Bcnsprnw @Library